000
00293nam a2200109 a 4500
008
101213s1953|||| d
260
_b
Naše vojsko
_a
Praha
_c
1953
020
_c
30,80
245
1
0
_a
Mužské lidové tance
_b
Taneční materiál pro vojenské soubory
044
_a
CZ
041
_a
cze
999
_c
15196
_d
15196